Top 5 Biggest Municipalities from each Province in Canada - Statistics

General Stats
  • This quiz has been taken 34 times
  • The average score is 24 of 65
Answer Stats
Rank Population City % Correct
2 1,017,449 Ottawa
97%
*1 2,794,356 Toronto
97%
1 1,306,784 Calgary
94%
*2 1,010,899 Edmonton
94%
1 662,248 Vancouver
94%
*2 549,459 Quebec City
91%
1 1,762,949 Montreal
88%
*1 749,607 Winnipeg
88%
*1 439,819 Halifax
84%
2 69,895 Saint John
84%
*1 110,525 St. John's
84%
*2 226,404 Regina
81%
1 266,141 Saskatoon
81%
*1 28,201 Whitehorse
78%
*1 20,340 Yellowknife
78%
5 569,353 Hamilton
75%
3 717,961 Mississauga
75%
*1 7,429 Iqaluit
66%
*1 38,809 Charlottetown
63%
3 100,844 Red Deer
63%
*3 63,116 Fredericton
56%
1 79,470 Moncton
53%
2 568,322 Surrey
50%
4 656,480 Brampton
47%
3 438,366 Laval
47%
4 291,041 Gatineau
41%
4 209,937 Richmond
38%
3 249,125 Burnaby
31%
2 1,577 Dawson
31%
2 51,313 Brandon
28%
5 98,406 Lethbridge
28%
2 93,694 Cape Breton
25%
4 33,665 Moose Jaw
22%
5 153,524 Abbotsford
19%
5 19,333 Corner Brook
19%
5 254,483 Longueuil
19%
3 37,756 Prince Albert
19%
3 47,918 Kings
16%
2 16,001 Summerside
16%
2 3,169 Hay River
9%
3 3,137 Inuvik
9%
2 2,975 Rankin Inlet
9%
5 16,750 Swift Current
9%
3 2,864 Arviat
6%
4 688 Haines Junction
6%
4 22,477 Mount Pearl
6%
3 17,806 Steinbach
6%
4 99,225 Strathcona County
6%
4 2,061 Baker Lake
3%
5 588 Carmacks
3%
5 6,574 Cornwall
3%
4 28,114 Dieppe
3%
4 2,248 Fort Smith
3%
4 17,216 Hanover
3%
5 25,545 Lunenburg
3%
3 22,957 Paradise
3%
5 16,142 Springfield
3%
3 10,927 Stratford
3%
3 1,133 Watson Lake
3%
5 1,746 Behchokǫ̀
0%
4 36,044 Colchester
0%
2 27,168 Conception Bay South
0%
5 2,049 Igloolik
0%
5 20,584 Riverview
0%
4 7,883 Three Rivers
0%
No matching quizzes found
Score Distribution
Percent of People with Each Score
Percentile by Number Answered
Your Score History
You have not taken this quiz